00799naa a2200145 i 450000100060000000300090000600500170001500800410003204000290007310001390010224501250024177302570036694200130062399900170063610412KOSZ 00520180421115206.0180316s2008 pl ||||f |||| 00| 0 pol d aKOSZ 005/HRcKOSZ 005/HR1 aCZERWIŃSKA-JAŚKIEWICZ, Małgorzata.d2002 - .bPolitechnika Koszalińska - Instytut Ekonomii i Zarządzania,cZakład Marketingu10aOcena poziomu i jakości życia mieszkańców obszarów wiejskich Pomorza Środkowego /cMałgorzata Czerwińska.0 iW :tPomorze Środkowe - społeczeństwo, wieś, gospodarka : wybrane problemy / [red. nauk. Danuta Zawadzka]. -dKoszalin : Polskie Towarzystwo Ekonomiczne. Oddział : Fundacja Nauka dla Środowiska. Politechnika Koszalińska, 2008. -gs. 127-146 2UKDcROZ c10412d10412